[Event "FRA-ch U20"]
[Site "Troyes"]
[Date "2010.04.15"]
[Round "6"]
[White "Millon, Valentin"]
[Black "Charrais, Kevin"]
[Result "0-1"]
[WhiteElo "2080"]
[BlackElo "1888"]
[PlyCount "60"]
[EventDate "2010.04.11"]
[EventType "swiss"]
[EventRounds "9"]
[EventCountry "FRA"]
[SourceTitle "EXT 2012"]
[Source "ChessBase"]
[SourceDate "2011.11.24"]
[SourceVersion "1"]
[SourceVersionDate "2011.11.24"]
[SourceQuality "1"]

1. d4 d5 2. Nf3 Nf6 3. Bf4 Bf5 4. e3 e6 5. c4 c6 6. Nc3 Nbd7 7. Qb3 Qb6 8. c5 Qxb3 9. axb3 Be7 10. b4 Nh5 11. b5 Nxf4 12. exf4 0-0 13. Ne5 Nxe5 14. fxe5 f6 15. f4 fxe5 16. fxe5 Bg5 17. Be2 Be3 18. Ra4 Bc2 19. Rb4 Rf4 20. bxc6 bxc6 21. Rf1 Rxd4 22. Rb7 Bd2+ 23. Kf2 Rf4+ 24. Kg3 Rxf1 25. Bxf1 Rf8 26. Be2 Be1+ 27. Kh3 d4 28. Nd1 Rf5 29. Rc7 Rxe5 30. Bf3 Rxc5 0-1

[Event "FRA-ch op-A"]
[Site "Nimes"]
[Date "2009.08.12"]
[Round "2"]
[White "Millon, Valentin"]
[Black "Girard, Eric"]
[Result "0-1"]
[WhiteElo "2069"]
[BlackElo "2150"]
[PlyCount "56"]
[EventDate "2009.08.11"]
[EventType "swiss"]
[EventRounds "11"]
[EventCountry "FRA"]
[SourceTitle "CBM 132 Extra"]
[Source "ChessBase"]
[SourceDate "2009.11.03"]
[SourceVersion "1"]
[SourceVersionDate "2009.11.03"]
[SourceQuality "1"]

1. d4 e6 2. e4 d5 3. e5 c5 4. c3 Qb6 5. Nf3 Nc6 6. a3 Nh6 7. b4 cxd4 8. cxd4 Nf5 9. Bb2 Be7 10. h4 a5 11. b5 a4 12. g4 Nh6 13. Rg1 Na5 14. Qxa4 Bd7 15. Nc3 0-0 16. Qc2 Rfc8 17. Bd3 Nc4 18. Bxh7+ Kf8 19. g5 Nf5 20. Bxf5 Nxb2 21. Bxe6 Bxe6 22. Qh7 Bb4 23. Qh8+ Ke7 24. Qxg7 Bxc3+ 25. Ke2 Qxb5+ 26. Ke3 Qd3+ 27. Kf4 Qf5+ 28. Ke3 Qe4# 0-1

[Event "Besancon op"]
[Site "Besancon"]
[Date "2008.12.28"]
[Round "3"]
[White "Charnushevich, Aliaksei"]
[Black "Millon, Valentin"]
[Result "1-0"]
[WhiteElo "2513"]
[BlackElo "2061"]
[PlyCount "75"]
[EventDate "2008.12.26"]
[EventType "swiss"]
[EventRounds "7"]
[EventCountry "FRA"]
[SourceTitle "CBM 128 Extra"]
[Source "ChessBase"]
[SourceDate "2009.03.05"]
[SourceVersion "2"]
[SourceVersionDate "2009.03.25"]
[SourceQuality "1"]

1. d4 Nf6 2. Nf3 e6 3. c4 Bb4+ 4. Bd2 Bxd2+ 5. Qxd2 0-0 6. Nc3 d6 7. g3 Nbd7 8. Bg2 e5 9. 0-0 Qe7 10. Rac1 c6 11. e4 Re8 12. Rfe1 a6 13. d5 c5 14. a3 Nb6 15. Bf1 Bg4 16. Nh4 Qd7 17. b3 Rac8 18. f3 Bh5 19. Nf5 Kh8 20. Bh3 Bg6 21. Qg2 Qd8 22. f4 Bxf5 23. Bxf5 Rc7 24. Bh3 exf4 25. gxf4 Rce7 26. Re2 Ng8 27. Rce1 f6 28. Be6 Nd7 29. Re3 Nf8 30. f5 Nd7 31. Ne2 Ne5 32. Nf4 g5 33. fxg6 hxg6 34. Nxg6+ Nxg6 35. Qxg6 Rh7 36. Rg3 Nh6 37. Rf1 Rf8 38. Rh3 1-0

[Event "Besancon op"]
[Site "Besancon"]
[Date "2008.12.28"]
[Round "2"]
[White "Millon, Valentin"]
[Black "Schrader, Edmond"]
[Result "1-0"]
[WhiteElo "2061"]
[BlackElo "1781"]
[PlyCount "37"]
[EventDate "2008.12.26"]
[EventType "swiss"]
[EventRounds "7"]
[EventCountry "FRA"]
[SourceTitle "CBM 128 Extra"]
[Source "ChessBase"]
[SourceDate "2009.03.05"]
[SourceVersion "2"]
[SourceVersionDate "2009.03.25"]
[SourceQuality "1"]

1. e4 e5 2. Nf3 Nc6 3. Bb5 Nf6 4. 0-0 Bc5 5. Nxe5 Nxe5 6. d4 a6 7. Ba4 Nxe4 8. Re1 Be7 9. dxe5 Nc5 10. Qg4 Nxa4 11. Qxg7 Rf8 12. Bh6 Nc5 13. Nc3 Ne6 14. Qxh7 Ng5 15. Bxg5 Bxg5 16. Ne4 d5 17. exd6 Be6 18. Rad1 Bf4 19. d7+ 1-0

[Event "Besancon op"]
[Site "Besancon"]
[Date "2008.12.27"]
[Round "1"]
[White "Flesch, Etienne"]
[Black "Millon, Valentin"]
[Result "0-1"]
[WhiteElo "1620"]
[BlackElo "2061"]
[PlyCount "46"]
[EventDate "2008.12.26"]
[EventType "swiss"]
[EventRounds "7"]
[EventCountry "FRA"]
[SourceTitle "CBM 128 Extra"]
[Source "ChessBase"]
[SourceDate "2009.03.05"]
[SourceVersion "2"]
[SourceVersionDate "2009.03.25"]
[SourceQuality "1"]

1. e4 c5 2. Nf3 e6 3. Be2 Nc6 4. 0-0 Qc7 5. c3 Nf6 6. Qc2 d5 7. exd5 Nxd5 8. d4 cxd4 9. cxd4 Be7 10. Nc3 Nxc3 11. bxc3 b6 12. Rd1 Bb7 13. c4 0-0 14. Ng5 g6 15. a3 Bf6 16. Nf3 Rfd8 17. Bb2 Ne7 18. Rac1 Nf5 19. c5 Rab8 20. Qa4 Bc6 21. cxb6 Rxb6 22. Bb5 Bxb5 23. Qxb5 Qxc1 0-1

[Event "FRA-ch op-A"]
[Site "Pau"]
[Date "2008.08.15"]
[Round "4"]
[White "Millon, Valentin"]
[Black "Chamaillard, Sylvain"]
[Result "1-0"]
[WhiteElo "1991"]
[BlackElo "2109"]
[PlyCount "61"]
[EventDate "2008.08.11"]
[EventType "swiss"]
[EventRounds "9"]
[EventCountry "FRA"]
[SourceTitle "CBM 126 Extra"]
[Source "ChessBase"]
[SourceDate "2008.11.05"]
[SourceVersion "1"]
[SourceVersionDate "2008.11.05"]
[SourceQuality "1"]

1. e4 c5 2. Nf3 Nf6 3. Nc3 d6 4. d4 cxd4 5. Nxd4 Nc6 6. Be2 g6 7. Be3 Bg7 8. Nb3 0-0 9. f4 a5 10. a4 h5 11. h3 e5 12. Qd2 Re8 13. fxe5 Rxe5 14. Bf3 Re8 15. 0-0-0 Ne5 16. Be2 Be6 17. Nd4 Bc4 18. Ndb5 Re6 19. Bf4 Bxe2 20. Qxe2 Bf8 21. Rhf1 Ned7 22. Nxd6 Ra6 23. Ndb5 Qe7 24. Qf3 Nxe4 25. Nxe4 Rxe4 26. Bd6 Rxd6 27. Nxd6 Rxa4 28. Qxf7+ Qxf7 29. Nxf7 Ne5 30. Nxe5 Bh6+ 31. Kb1 1-0

[Event "Val Thorens op 34th"]
[Site "Val Thorens"]
[Date "2008.07.21"]
[Round "3"]
[White "Millon, Valentin"]
[Black "Kedinger, Christian"]
[Result "0-1"]
[WhiteElo "1991"]
[BlackElo "1899"]
[PlyCount "84"]
[EventDate "2008.07.19"]
[EventType "swiss"]
[EventRounds "9"]
[EventCountry "FRA"]
[SourceTitle "EXT 2009"]
[Source "ChessBase"]
[SourceDate "2008.11.26"]
[SourceVersion "1"]
[SourceVersionDate "2008.11.26"]
[SourceQuality "1"]

1. e4 d6 2. d4 Nf6 3. Nc3 g6 4. Bc4 Bg7 5. Qe2 Nc6 6. e5 Nd7 7. Bxf7+ Kxf7 8. e6+ Ke8 9. exd7+ Bxd7 10. Be3 Nxd4 11. Qd2 Nf5 12. Nf3 Nxe3 13. Qxe3 e5 14. 0-0-0 Rf8 15. Ne4 Bg4 16. Ned2 Qf6 17. h3 Bxf3 18. Nxf3 Qf4 19. Ng5 Bh6 20. h4 Ke7 21. Qxf4 Rxf4 22. f3 Rh8 23. g3 Rxf3 24. Rdg1 Rf5 25. g4 Bxg5+ 26. Kd1 Rf4 27. hxg5 Kf7 28. Rf1 Rxf1+ 29. Rxf1+ Kg7 30. Ke2 Rf8 31. Rh1 Rf4 32. Rh4 b5 33. Ke1 b4 34. Ke2 a5 35. Ke1 a4 36. Ke2 c5 37. a3 bxa3 38. bxa3 d5 39. c3 e4 40. Kd2 d4 41. cxd4 cxd4 42. Ke2 Rf3 0-1

[Event "Val Thorens op 33th"]
[Site "Val Thorens"]
[Date "2007.07.16"]
[Round "3"]
[White "Millon, Valentin"]
[Black "Chaillot, Alain"]
[Result "1-0"]
[WhiteElo "1938"]
[BlackElo "2116"]
[PlyCount "37"]
[EventDate "2007.07.14"]
[EventType "swiss"]
[EventRounds "9"]
[EventCountry "FRA"]
[SourceTitle "EXT 2010"]
[Source "ChessBase"]
[SourceDate "2010.11.25"]
[SourceVersion "1"]
[SourceVersionDate "2010.11.25"]
[SourceQuality "1"]

1. e4 Nc6 2. d4 d5 3. Nc3 dxe4 4. d5 Ne5 5. Bf4 Ng6 6. Bg3 a6 7. Bc4 Nf6 8. Qe2 Bf5 9. f3 exf3 10. Nxf3 Nh5 11. 0-0-0 Nxg3 12. hxg3 Qd6 13. Nd4 Bd7 14. Ne4 Qb6 15. d6 e6 16. Ng5 Bxd6 17. Nxf7 Kxf7 18. Nxe6 Bxe6 19. Qxe6+ 1-0

[Event "Val Thorens op 33th"]
[Site "Val Thorens"]
[Date "2007.07.14"]
[Round "1"]
[White "Millon, Valentin"]
[Black "Philippe, Christophe"]
[Result "1-0"]
[WhiteElo "1938"]
[BlackElo "2368"]
[PlyCount "97"]
[EventDate "2007.07.14"]
[EventType "swiss"]
[EventRounds "9"]
[EventCountry "FRA"]
[SourceTitle "EXT 2010"]
[Source "ChessBase"]
[SourceDate "2010.11.25"]
[SourceVersion "1"]
[SourceVersionDate "2010.11.25"]
[SourceQuality "1"]

1. e4 c5 2. Nf3 e6 3. Nc3 a6 4. g3 b5 5. Bg2 Bb7 6. d4 cxd4 7. Nxd4 Nf6 8. 0-0 b4 9. Na4 Bxe4 10. Bxe4 Nxe4 11. Re1 d5 12. Nxe6 fxe6 13. Qh5+ Kd7 14. Rxe4 dxe4 15. Bg5 Qc7 16. Rd1+ Kc8 17. Qe8+ Kb7 18. Qxe6 a5 19. Rd8 Qc6 20. Qf7+ Ka6 21. Be3 Bd6 22. Rxd6 Qxd6 23. Nc5+ Qxc5 24. Bxc5 Nc6 25. Qc7 Kb5 26. Qb6+ Kc4 27. Qxc6 Rac8 28. b3+ Kc3 29. Qb5 Rhd8 30. Bb6 Rd1+ 31. Kg2 Kxc2 32. Qe2+ Rd2 33. Qxe4+ Kb2 34. Bxa5 Rcc2 35. Bb6 Ka3 36. Qa8+ Kb2 37. Qa5 g5 38. Qxb4 h5 39. a4 g4 40. Bd4+ Kb1 41. a5 Rd1 42. Be3 Re2 43. Qe4+ Ka2 44. Qa4+ Kb2 45. Bd4+ Kb1 46. Qa1+ Kc2 47. Qc3+ Kb1 48. a6 h4 49. gxh4 1-0

[Event "FRA-ch Accession"]
[Site "Besancon"]
[Date "2006.08.21"]
[Round "6"]
[White "Millon, Valentin"]
[Black "Baudon, Sebastien"]
[Result "0-1"]
[WhiteElo "1850"]
[BlackElo "1984"]
[PlyCount "139"]
[EventDate "2006.08.15"]
[EventType "swiss"]
[EventRounds "10"]
[EventCountry "FRA"]
[SourceTitle "CBM 113 Extra"]
[Source "ChessBase"]
[SourceDate "2006.09.14"]
[SourceVersion "1"]
[SourceVersionDate "2006.09.14"]
[SourceQuality "1"]

1. e4 c5 2. Nf3 Nc6 3. d4 cxd4 4. Nxd4 Nf6 5. Nc3 e5 6. Ndb5 d6 7. Nd5 Nxd5 8. exd5 Nb8 9. c4 a6 10. Nc3 Be7 11. Bd3 0-0 12. 0-0 f5 13. b4 Bf6 14. Bb2 e4 15. Bc2 Nd7 16. Qe2 Ne5 17. c5 dxc5 18. bxc5 Qa5 19. Na4 Bd7 20. Nb6 Bb5 21. Qe1 Qxe1 22. Rfxe1 Rae8 23. Bxe5 Bxe5 24. Rad1 Bc7 25. Ba4 Bxb6 26. Bxb5 axb5 27. cxb6 Rf6 28. f3 e3 29. d6 f4 30. g3 fxg3 31. d7 gxh2+ 32. Kxh2 Rd8 33. Rxe3 Kf7 34. Rc3 Rxb6 35. Rc8 Ke7 36. Rc7 Rf6 37. Rxb7 Rxf3 38. Re1+ Kd6 39. Rxb5 Rf2+ 40. Kg3 Rxa2 41. Rd1+ Ke6 42. Rb8 Rxb8 43. d8Q Rxd8 44. Rxd8 Ra5 45. Rh8 h6 46. Kg4 Rg5+ 47. Kh4 Kf5 48. Ra8 Rg4+ 49. Kh5 Rg5+ 50. Kh4 Kf4 51. Ra4+ Kf3 52. Ra3+ Ke4 53. Ra4+ Kd3 54. Ra3+ Kc4 55. Ra4+ Kb5 56. Ra7 g6 57. Rh7 Rh5+ 58. Kg4 Rh1 59. Rg7 Rg1+ 60. Kh4 Kc5 61. Ra7 Rb1 62. Ra6 Rb4+ 63. Kg3 Rb6 64. Ra8 Kd5 65. Rh8 h5 66. Rh6 Ke5 67. Kh3 Kf5 68. Rh8 Kg5 69. Rh7 Rb3+ 70. Kh2 0-1